000 00415nam a2200157Ia 4500
008 210716s1998 xx 000 0 und d
020 _a0195108094
041 _aeng
082 _a332.6 LUED
100 _aLuenberger, David G.
245 _ainvestment science.
250 _a1
260 _aNew Delhi
_bOxford University Press
_c1998
300 _axiv,494
650 _aInvestment Analysis & Portfolio Management
999 _c198155
_d198155